000 00712nam a22002177a 4500
003 UA-OsUOA
001 39671
007 ta
008 20080516b un ||||| |||| 00| 0 ukr d
090 _a082
_bУ45
942 _cBK
040 _aUA-OsUOA
_bukr
_cUA-OsUOA
_dUA-OsUOA
245 _aУкраїна ХХ ст.: культура, ідеологія, політика
_bЗбірник наукових статей на пошану проф. П.П. Гудзенка
_cВип. 12
300 _a502 с.
955 _a1
041 _aukr
080 _a082
260 _aК.
_bІнститут історії України
_c2007
650 7 _a08 Видання. Колективні праці
_2UDC
999 _c438180
_d438180